MDQL
is popping MORE tags! Check the
thread
!
Quizzes
Events
Quiz Creation
Community
Videos
Private Events
Remove Ads
Sign In
Join for FREE
Feedback
Dark Mode
Quiz Categories
Sports
Geography
Music
Movies
Television
Just For Fun
Miscellaneous
History
Literature
Language
Science
Gaming
Entertainment
Religion
Holiday
For Kids
Quiz Lab
Recent
Popular Today
Quiz Kudos Today
Editor Picks
Curator Picks
Quizzes by...
Day
Popularity
Type
Ratings
Length
Year
Community
Subscriptions
Recent Discussions
Orange Saloon
Badges
Playlists
Quests
Create
Leaderboards
Showdown
Live 5
Trivia Bingo
Activity
Puzzle Library
Sporcle Events
Private Events
Virtual Trivia
Globe League
Become a Host
Pub Owners
SporcleCon
Opinionation
Our Games
Videos
Blog
Mobile Apps
Partnerships
Remove Ads and Go Orange
Feedback
Sports
Athletes
MLB
NBA
NHL
NFL
Soccer
Sports Teams
WWE
NCAA
Football
Premier League
Basketball
Baseball
Hockey
Golf
Tennis
Cricket
Rugby
Auto Racing
Olympics
World Cup
Sports
Athletes
MLB
NBA
NHL
NFL
Soccer
Sports Teams
WWE
NCAA
Football
Premier League
Basketball
Baseball
Hockey
Golf
Tennis
Cricket
Rugby
Auto Racing
Olympics
World Cup
Random Quiz
Search Sporcle
×
Quiz Lab
Quiz Lab
Sports
team
Type in answers that appear in a list
Type in answers that appear in a list
Classic
Best Score? Go Orange.
1990 Survivor Series teams Stats
Can you name the 1990 Survivor Series teams?
By
Yojimbo28
8m
40 Questions
450 Plays
450 Plays
450 Plays
Comments
Comments
Give Quiz Kudos
Give Quiz Kudos
-
- Ratings
hide this ad
Replay
Link that replays current quiz
Next Quiz
Link to next quiz in quiz playlist
You Got
0%
They Got
Avg Score
79%
Avg Friend Score
Upgrade to see
Score Distribution
Jump to the score distribution portion of the page
Score
0/40
Timer
08:00
0
Plays Today
Team
Wrestler
% Correct
The Hulkamaniacs
Hulk Hogan
99.1%
The Warriors
The Ultimate Warrior
98%
The Million $ Team
The Million Dollar Man
97.1%
The Perfect Team
Mr. Perfect
96.7%
The Natural Disasters
Earthquake
94.4%
The Dream Team
Bret Hart
93.5%
The Vipers
Jake 'The Snake' Roberts
93.3%
The Hulkamaniacs
Tugboat
91.5%
The Million $ Team
The Undertaker
88.9%
The Vipers
Shawn Michaels
88.6%
The Dream Team
Dusty Rhodes
88.4%
The Visionaries
'The Model' Rick Martel
88.2%
The Dream Team
Jim Neidhart
87.5%
The Perfect Team
Smash
86.9%
The Perfect Team
Ax
86.6%
The Perfect Team
Crush
84.2%
The Warriors
Animal
84%
The Warriors
Hawk
83.5%
The Vipers
Marty Jannetty
82.9%
The Alliance
Tito Santana
82.2%
Team
Wrestler
% Correct
The Mercenaries
Sgt. Slaughter
81.1%
The Visionaries
The Warlord
80.6%
The Warriors
The Texas Tornado
78.8%
The Hulkamaniacs
The Big Boss Man
78.2%
The Dream Team
Koko B. Ware
75.9%
The Million $ Team
Greg Valentine
75.7%
The Visionaries
Hercules
75.1%
The Hulkamaniacs
'Hacksaw' Jim Duggan
74.8%
The Natural Disasters
The Barbarian
74.8%
The Natural Disasters
Dino Bravo
74.4%
The Million $ Team
The Honky Tonk Man
72.4%
The Natural Disasters
Haku
71.5%
The Visionaries
Paul Roma
70.4%
The Alliance
Nikolai Volkoff
68.4%
The Alliance
Bushwhacker Luke
66.8%
The Alliance
Bushwhacker Butch
65.9%
The Vipers
'Superfly' Jimmy Snuka
63.7%
The Mercenaries
Tanaka
51.7%
The Mercenaries
Boris Zhukov
50.8%
The Mercenaries
Sato
49.2%
Quiz Playlist
Details
Report
Send in Message
Add To Playlist
Classic:
Type in answers that appear in a list
Quiz Source
Last Updated: Feb 16, 2017
Quiz Scoreboard
CHALLENGE
Sign Up to Join the Scoreboard
Show All
Scores
Hide
Comments
May contain spoilers
Recently Published
Colored Red Africa Blitz
by spor1
Geography
30s
Find the 'City' Movie
by crazypaving
Movies
60s
5x2 Blitz: Bands
by SL_Kpop136
Music
30s
More to Explore
Quiz From the Vault
Featured Blog Post
14 Easter Pick-up Lines to Find Eggs With
hide this ad
You Might Also Like...
Tags
1990
1990s
Survivor
team
Wrestlers
Today's Top Quizzes in Sports
Browse Sports
hide this ad
Today's Top Quizzes in team
Browse team
Top Contributed Quizzes in Sports
1
Les meilleurs buteurs des matchs entre le PSG et l’OM
2
Les entraîneurs de l'OM et du PSG au 21e siècle
3
Les joueurs passés par le PSG et l'OM
4
2022 World Cup Stars
5
Players with Multiple 50 Home Run Seasons
6
Criteria MLB: Left Handed Sluggers
7
MLB Players with Two .350 Batting Average Seasons
8
Les joueurs passés par le LOSC et le RC Lens
9
NBA Logic Puzzle 2.0
10
Top 10 NHL Goal Scorers of All Time
Explore More
Trending Topics
Kpop
Anime
Marvel
Crossword
Harry Potter
Disney
NBA
Country
The Office
Soccer
WWE
NFL
Pokémon
Puzzle
Song
hide this ad
More By:
Yojimbo28
Quiz
Plays
Rating
Category
Featured
Created
1992 Royal Rumble participants
731
4.00
Sports
Sep 26, 2009
1990 Survivor Series teams
450
4.60
Sports
Sep 29, 2009
Name the movie starring these two actors
281
3.43
Movies
Sep 26, 2009
Home States of the Famous
205
3.75
Entertainment
Sep 26, 2009
KB and BK People
109
3.00
Miscellaneous
Sep 29, 2009
Go to Creator's Profile
Score Distribution
Quiz Creator Spotlight
Yojimbo28
Follow
Send a Message
Quizzes Created
-
Created Quiz Play Count
-
More By This Creator
Popular Quizzes Today
1
Colored Red Africa Blitz
2
Find the US States - No Outlines Minefield
3
Find the 'City' Movie
4
5x2 Blitz: Bands
5
The Countries of the World
6
Find the US States
7
Find the Countries of Europe - No Outlines Minefield
8
US States
More Sports Quizzes
First XI: James Milner
Quiz Lab
Trending Quizzes
Colored Red Europe Blitz I
Colored Red Europe Blitz II
Colored Red Africa Blitz II
Colored Red Europe Blitz III
Colored Red Africa Blitz III
Recently Updated
How Do You Spell That?
pecheneg
Godzilla Movies
pecheneg
Grab Bag: 4-10 Letters
pecheneg
2024 March Madness Bracket
pecheneg
Famous TV Couples
Peacemaker
Champions League XIs: Real Madrid
pecheneg
Largest US Cities 1790-2010
pecheneg
Rides in Walt Disney World
pecheneg
Most Oscar Losses (Acting)
pecheneg
Beyoncé Albums
pecheneg
Trending Topics
Anime
NBA
Crossword
Kpop
Harry Potter
Marvel
Disney
Pokémon
NFL
Soccer
Country
The Office
Song
Puzzle
WWE
Your Account Isn't Verified!
In order to create a playlist on Sporcle, you need to verify the email address you used during registration. Go to your
Sporcle Settings
to finish the process.
Report this User
Report this user for behavior that violates our
Community Guidelines
.
Details:
Send Report
Go to the Sporcle.com Mobile Site →
Comments